Datum a čas kvízu
25.5
Celkem bodů
Celkový počet nahraných bodů na tomto kvízu bez doplňovacích otázek.
2.
Pořadí na kvízu
Konečné umístění týmu na tomto kvízu.
Zaznamenané odpovědi
| # | Otázka | Odpověď | Body | Výsledky |
|---|---|---|---|---|
| 1. | Minulou středu byly uděleny ce... | 0 | ||
| 2. | Polsko oznámilo minulý týden n... | 0 | ||
| 3. | Jediným Čechem, který vystoupí... | 0 | ||
| 4. | Aktuální vydání gastronomickéh... | 1 | ||
| 5. | Argentinský útočník Carlos Tév... | 0 | ||
| 6. | Zaměříme se na nová slova v če... | 1 | ||
| 7. | Jak se jmenuje politik, který... | 0 | ||
| 8. | Někdy dochází jen k posunu výz... | 0 | ||
| 9. | Jak se nazývá termín, který by... | 1 | ||
| 10. | Tvorba neologismů není jen zál... | 1 |